Dark road (Record no. 39383)

MARC details
000 -LEADER
fixed length control field 00596nam a2200181 a 4500
008 - FIXED-LENGTH DATA ELEMENTS--GENERAL INFORMATION
fixed length control field 160825s2014 ||||||||||||||||| || u
020 ## - INTERNATIONAL STANDARD BOOK NUMBER
International Standard Book Number 9781409152637
050 ## - LIBRARY OF CONGRESS CALL NUMBER
Classification number PR 6068.A57D35
100 ## - MAIN ENTRY--PERSONAL NAME
Personal name Thomson, Mark
245 10 - TITLE STATEMENT
Title Dark road
Statement of responsibility, etc. By Ian Rankin: Mark Thomson
260 ## - PUBLICATION, DISTRIBUTION, ETC.
Place of publication, distribution, etc. London
Name of publisher, distributor, etc. Hachette
Date of publication, distribution, etc. 2014
300 ## - PHYSICAL DESCRIPTION
Extent viii, 214 p.
350 ## - PRICE (NR) (BK AM CF MU VM SE) [OBSOLETE]
Price 12.74
650 ## - SUBJECT ADDED ENTRY--TOPICAL TERM
Topical term or geographic name entry element DRAMA--STORIES, PLOTS, ETC
650 ## - SUBJECT ADDED ENTRY--TOPICAL TERM
Topical term or geographic name entry element ENGLISH LANGUAGE
700 ## - ADDED ENTRY--PERSONAL NAME
Personal name Rankin,Ian
995 ## - RECOMMENDATION 995 [LOCAL, UNIMARC FRANCE]
-- CBU-MAIN LIBRARY (Kitwe)
-- 12.74
-- 1
-- AVAILABLE
-- Oct 19, 2016
-- Fiction Collection
Holdings
Withdrawn status Lost status Source of classification or shelving scheme Damaged status Not for loan Home library Current library Shelving location Date acquired Total Checkouts Full call number Barcode Date last seen Price effective from Koha item type
          CBU-MAIN LIBRARY, KITWE. CBU-MAIN LIBRARY, KITWE.   11/30/2022   PR 6068.A57D35 746600 11/30/2022 11/30/2022 MONOGRAPH